LEADER 00000ntm a22000007u 4500
001 zp13770
041 |a cze 
100 1 |a Buřičová, Linda  |4 dis 
245 1 0 |a Budování značky-vliv značek na nákupní chování a životy Teenagerů 
246 |a Brand building-brand impact to shopping behaviour and lives of Teenagers 
260 |c 2010 
300 |a 76s., 9 s. obr. příloh 
500 |a Studijní obor: Marketingové komunikace 
500 |a Studijní obor: Marketing Communications 
500 |a Ústav: Ústav marketingových komunikací 
500 |a Univerzita Tomáše Bati ve Zlíně. Fakulta multimediálních komunikací 
500 |a Tomas Bata University in Zlín. Faculty of Multimedia Communications 
506 |a Bez omezení 
653 |a Teenager 
653 |a Značka 
653 |a Positioning 
653 |a Nákupní chování 
653 |a Potřeby 
653 |a Motivace 
653 |a Referenční skupiny 
653 |a Sociální třídy 
653 |a Osobitost 
653 |a Osobnost 
653 |a Rozhodovací proces 
653 |a Spotřebitelský výzkum 
653 |a Kvantitativní výzkum 
653 |a Kvalitativní výzkum 
653 |a Výzkum motivace 
653 |a Konkurence 
653 |a Marketingová strategie 
653 |a Marketingová komunikace 
653 |a Teenager 
653 |a Brand 
653 |a Positioning 
653 |a Shopping behaviour 
653 |a Needs 
653 |a Motivation 
653 |a Reference groups 
653 |a Social predicament 
653 |a Personality 
653 |a Decision process 
653 |a Consumer research 
653 |a Quantitative research 
653 |a Qualitative research 
653 |a Motivation research 
653 |a Competition 
653 |a Marketing strategy 
653 |a Marketing communication 
655 4 |a diplomová práce 
700 1 |a Kotyzová, Pavla  |4 ths 
710 2 |a Univerzita Tomáše Bati ve Zlíně. Fakulta multimediálních komunikací  |4 dgg 
710 2 |a Tomas Bata University in Zlín. Faculty of Multimedia Communications  |4 dgg 
856 4 0 |u http://hdl.handle.net/10563/12006  |y Plný text v Digitální knihovně UTB